Quizzes
Events
Quiz Creation
Community
Videos
Private Events
Remove Ads
Sign In
Join for FREE
Feedback
Dark Mode
Quiz Categories
Sports
Geography
Music
Movies
Television
Just For Fun
Miscellaneous
History
Literature
Language
Science
Gaming
Entertainment
Religion
Holiday
For Kids
Quiz Lab
Recent
Popular Today
Quiz Kudos Today
Editor Picks
Curator Picks
Quizzes by...
Day
Popularity
Type
Ratings
Length
Year
Community
Subscriptions
Recent Discussions
Orange Saloon
Badges
Playlists
Quests
Create
Leaderboards
Showdown
Live 5
Trivia Bingo
Activity
Puzzle Library
Sporcle Events
Private Events
Virtual Trivia
Globe League
Become a Host
Pub Owners
SporcleCon
Opinionation
Our Games
Videos
Blog
Mobile Apps
Partnerships
Remove Ads and Go Orange
Feedback
Music
Pop Music
The Beatles
Song
Album
Lyrics
Bands
Singers
Artist
Clip
Rock
Rap
Classical
Billboard
Country Music
Kpop
Taylor Swift
Music
Pop Music
The Beatles
Song
Album
Lyrics
Bands
Singers
Artist
Clip
Rock
Rap
Classical
Billboard
Country Music
Kpop
Taylor Swift
Random Quiz
Search Sporcle
×
Quiz Lab
Quiz Lab
Music
Song
Type in answers that appear in a list
Type in answers that appear in a list
Classic
Best Score? Go Orange.
Top 50 DJs of 2011 Stats
Can you name the Top DJs of 2011 (according to DJ Mag)?
By
gpap
15m
50 Questions
155 Plays
155 Plays
155 Plays
Comments
Comments
Give Quiz Kudos
Give Quiz Kudos
-
- Ratings
hide this ad
Replay
Link that replays current quiz
Next Quiz
Link to next quiz in quiz playlist
You Got
0%
They Got
Avg Score
38%
Avg Friend Score
Upgrade to see
Score Distribution
Jump to the score distribution portion of the page
Score
0/50
Timer
15:00
0
Plays Today
Country
DJ
% Correct
Netherlands
Tiësto
85.2%
Sweden
Avicii
85.2%
France
David Guetta
84.5%
Sweden
Swedish House Mafia
80.6%
USA
Skrillex
80%
Netherlands
Afrojack
78.7%
Canada
Deadmau5
76.8%
Netherlands
Armin van Buuren
76.1%
Italy
Benny Benassi
71%
France
Daft Punk
69%
Sweden
Sebastian Ingrosso
67.7%
Sweden
Axwell
63.9%
USA
Steve Aoki
63.9%
Scotland
Calvin Harris
56.8%
Sweden/
England
Eric Prydz
56.8%
France
Martin Solveig
53.5%
Netherlands
Laidback Luke
51%
Sweden
Steve Angello
50.3%
England
Above & Beyond
47.7%
Netherlands
Fedde Le Grand
47.1%
USA
Kaskade
47.1%
Netherlands
Hardwell
43.9%
Germany
ATB
42.6%
Germany
Paul van Dyk
39.4%
Sweden
Dada Life
34.8%
Country
DJ
% Correct
Netherlands
Sander van Doorn
32.9%
Germany
Markus Schulz
29.7%
Russia
Arty
29%
Barbados/
United Kingdom
Carl Cox
29%
France
Bob Sinclar
27.7%
Netherlands
Dash Berlin
27.1%
England
Gareth Emery
25.2%
Netherlands
Ferry Corsten
25.2%
Netherlands
Chuckie
24.5%
Netherlands
W&W
18.1%
Germany
Cosmic Gate
16.1%
Israel
Infected Mushroom
15.5%
Egypt
Aly & Fila
12.9%
Netherlands
Headhunterz
12.3%
Norway
Orjan Nilsen
11.6%
England
Andy Moor
9%
Russia
Bobina
6.5%
Australia
Tydi
5.8%
Belgium
Coone
5.2%
England/
Canada
Richie Hawtin
5.2%
Netherlands
Angerfist
4.5%
Netherlands
Noisecontrollers
3.2%
Italy
Zatox
2.6%
Portugal
Pete tha Zouk
0.6%
Netherlands
D-Block & S-Te-Fan
0.6%
Quiz Playlist
Details
Report
Send in Message
Add To Playlist
Classic:
Type in answers that appear in a list
Quiz Source
Last Updated: Feb 16, 2017
Quiz Scoreboard
CHALLENGE
Sign Up to Join the Scoreboard
Show All
Scores
Hide
Comments
May contain spoilers
Recently Published
Presidents Visiting Landmarks
by Hejman
History
7m
An Introduction to Baseball
by treessimontrees
Sports
5m
Movies - When Are They Set?
by FPL_Elf
Movies
5m
More to Explore
Quiz From the Vault
Featured Blog Post
Where Did the Easter Bunny Come From?
hide this ad
You Might Also Like...
Tags
Country Quiz
Song Quiz
2011
djs
mag
Today's Top Quizzes in Music
Browse Music
hide this ad
Today's Top Quizzes in Song
Browse Song
Top Contributed Quizzes in Music
1
Taylor Swift All Songs (2024)
2
Guess the Artist- 70s Songs
3
Taylor Swift Logic Puzzle
4
KPOP LOGIC QUIZ
5
One Thing in Common: Music
6
2010s Album by Cover III
7
7-to-1: Billboard Hot 100 #1 Hits of 2010s
8
Guess the Taylor Swift song (Mystery Song)
9
Sorting Albums and Songs
10
2000s Album Cover Bunker
Explore More
Trending Topics
Anime
Marvel
Kpop
NBA
Crossword
Disney
Harry Potter
Pokémon
NFL
WWE
The Office
Song
Soccer
Puzzle
Country
hide this ad
More By:
gpap
Quiz
Plays
Rating
Category
Featured
Created
The League (FX) Trivia
2,648
3.44
Television
Aug 28, 2011
Blackadder the Third: Trivia
1,319
4.67
Television
Dec 5, 2010
NHL Trophy Winners (Sweden and Finland)
881
4.25
Sports
Jun 24, 2010
Vancouver Canucks 2011 Stanley Cup Finals Roster
622
5.00
Sports
Jun 5, 2011
Vancouver Canucks Points Leaders- 2000s
572
5.00
Sports
Feb 6, 2010
Go to Creator's Profile
Score Distribution
Quiz Creator Spotlight
gpap
Follow
Send a Message
Quizzes Created
-
Created Quiz Play Count
-
More By This Creator
Popular Quizzes Today
1
Find the US States - No Outlines Minefield
2
Find the Countries of Europe - No Outlines Minefield
3
The Countries of the World
4
Find the US States
5
Popular People in 1961
6
US States
7
Risky Map Clicking: Biggest States A-Z
8
1-10 Letter E Words III
More Music Quizzes
Outside the Box Blitz: The Beatles Albums
Published
Trending Quizzes
Risky Map Clicking: Least Populous States A-Z
1-10 Letter G Words
1-10 Letter F Words
Risky Map Clicking: Next State Alphabetically
Risky Map Clicking: Biggest States A-Z
Recently Updated
Leaping Animals
pecheneg
Reality TV Shows (A-Z)
bhenderson79
Rickey Henderson's Hall of Fame Teammates
pecheneg
Champions League XIs: Arsenal
pecheneg
Quick Pick: Celebrities in WWE's Hall of Fame
aduchscher
A-Z Keypad Blitz II
pecheneg
Multiple Oscar Actors
pecheneg
Mystery Phrase Blitz: Oscar 'Best Actors'
pecheneg
F. Scott Fitzgerald Novels
LTH
Pick 3 Villains
ddd62291
Trending Topics
Kpop
Harry Potter
NBA
Marvel
Crossword
Disney
Anime
Pokémon
WWE
Country
NFL
Soccer
Song
Puzzle
The Office
Your Account Isn't Verified!
In order to create a playlist on Sporcle, you need to verify the email address you used during registration. Go to your
Sporcle Settings
to finish the process.
Report this User
Report this user for behavior that violates our
Community Guidelines
.
Details:
Send Report
Go to the Sporcle.com Mobile Site →
Comments